| 000 | 01064cam a22002771i 4500 | ||
|---|---|---|---|
| 003 | SA-RiAUC | ||
| 005 | 20250822131132.0 | ||
| 008 | 250801s2005 sj g 00010 ara c | ||
| 020 | _a9994285009 | ||
| 040 |
_aSA-JeKAU _bara _cSA-RiAUC _erda |
||
| 043 | _af-sj--- | ||
| 082 | 0 | 4 | _a332.122109624 |
| 090 |
_a332.122109624 _bف ت ا |
||
| 245 | 0 | 2 |
_aالفتاوى الشرعية للمصارف السودانية / _cإعداد لجنة من الأساتذة الشرعيين والاقتصاديين والمصرفيين. |
| 250 | _aالطبعة الأولى. | ||
| 264 | 1 |
_aالخرطوم : _bدار السداد، _c2005 |
|
| 300 |
_a275 صفحة ؛ _c24 سم |
||
| 336 |
_aنص _btxt _2rdacontent _3كتاب |
||
| 337 |
_aبدون وسيط _bn _2rdamedia |
||
| 338 |
_aمجلد _bnc _2rdacarrier |
||
| 650 | 7 |
_aالبنوك الإسلامية _zالسودان _2aucsh |
|
| 650 | 7 |
_aالمعاملات (فقه إسلامي) _2aucsh |
|
| 650 | 7 |
_aالفقه الإسلامي _2aucsh |
|
| 942 |
_2ddc _cBOOK _n0 |
||
| 949 |
_aSA-JeALM _d250801 _umohamedma123 _n1 |
||
| 999 |
_c11022 _d11022 |
||